000 01095nam a22003970a 4500
001 PT51139
003 AR-LpoUNG
005 20210131231407.0
008 191001s2012||||ag |||||||||||||||||spa d
020 _a9789872460228
_c$11,97
040 _aAR-LpoUNG
_bspa
_cAR-LpoUNG
_eaacr
041 _aspa
044 _aag
082 0 _a418.4 991his
100 1 _aLyons, Martyn
245 1 0 _aHistoria de la lectura y de la escritura en el mundo occidental
250 _a1ra. ed.
260 _aBuenos Aires :
_bdel Calderón,
_c2012.
300 _a429 p. :
_bmapa
650 4 _aALFABETIZACION
650 4 _aANALISIS HISTORICO
650 4 _aASPECTOS POLITICOS
650 4 _aESCRITURA
650 4 _aFACTORES CULTURALES
650 4 _aIMPRENTA
650 4 _aINVESTIGACION SOBRE LA LECTURA
650 4 _aLECTURA
650 4 _aMEDIOS DE COMUNICACION
650 4 _aRENACIMIENTO
650 4 _aTECNOLOGIA DE LAS COMUNICACIONES
651 4 _aDOCUMENTOS TEORICOS O METODOLOGICOS
700 1 _aBenseñor, Julia
_etr.
700 1 _aMoreno, Ana
_etr.
905 _a51139
942 _cLIB
999 _c9802
_d9802